Elements of Analytical Chemistry / (Record no. 154578)

MARC details
000 -LEADER
fixed length control field 00626nam a22002177a 4500
003 - CONTROL NUMBER IDENTIFIER
control field dpl
005 - DATE AND TIME OF LATEST TRANSACTION
control field 20180721132150.0
008 - FIXED-LENGTH DATA ELEMENTS--GENERAL INFORMATION
fixed length control field 180721b xxu||||| |||| 00| 0 eng d
020 ## - INTERNATIONAL STANDARD BOOK NUMBER
International Standard Book Number 8180541231
Terms of availability 110.00
035 ## - SYSTEM CONTROL NUMBER
System control number B-109688
040 ## - CATALOGING SOURCE
Original cataloging agency DPL
Language of cataloging EN
Transcribing agency 0
082 ## - DEWEY DECIMAL CLASSIFICATION NUMBER
Classification number 543
100 ## - MAIN ENTRY--PERSONAL NAME
Personal name Gopalan.R
245 ## - TITLE STATEMENT
Title Elements of Analytical Chemistry /
Statement of responsibility, etc by R.Gopalan,P.S.Subramanian [and] K.Rengarajan
260 ## - PUBLICATION, DISTRIBUTION, ETC. (IMPRINT)
Place of publication, distribution, etc New Delhi
Name of publisher, distributor, etc Sultan Chand & Sons
Date of publication, distribution, etc 2004
300 ## - PHYSICAL DESCRIPTION
Extent 412p.;
Dimensions 23cm
500 ## - GENERAL NOTE
General note includes Appendix 1-8
700 ## - ADDED ENTRY--PERSONAL NAME
Personal name Subramanian,P.S.
700 ## - ADDED ENTRY--PERSONAL NAME
Personal name Rengarajan,k.
942 ## - ADDED ENTRY ELEMENTS (KOHA)
Source of classification or shelving scheme Dewey Decimal Classification
Koha item type English Books
Classification part 543
Call number suffix GOP
Holdings
Withdrawn status Lost status Source of classification or shelving scheme Damaged status Not for loan Collection code Home library Current library Date acquired Source of acquisition Cost, normal purchase price Total Checkouts Full call number Barcode Date last seen Cost, replacement price Price effective from Koha item type
    Dewey Decimal Classification     Non-fiction Patel Nagar Patel Nagar 21/07/2018 BPPD/PUB 110.00   543 GOP B-109688 21/07/2018 110.00 21/07/2018 English Books

© Delhi Public Library
Hit Counter
free hit counter